| 000 | 00621nam a2200145Ia 4500 | ||
|---|---|---|---|
| 008 | 100204s9999 xx 000 0 und d | ||
| 082 | _b15006 | ||
| 100 | _aसोनग्रा रतनलाल | ||
| 245 | _aकाँग्रेस स्वातंत्र आणि समाजवाद | ||
| 260 |
_b"सुशिल प्रकाशन , मुंबई" _c1988 |
||
| 300 | _a80 | ||
| 630 | _aकाँग्रेस स्वातंत्र आणि समाजवाद | ||
| 730 | _aकाँग्रेस स्वातंत्र आणि समाजवाद | ||
| 942 | _cBOOK | ||
| 999 |
_c459437 _d459434 |
||